000 01465nam a2200445 i 4500
001 25341
003 KOSZ 005
005 20191126142402.0
008 191126s1963 pl a f 000 0 pol
015 _aPB 1964/241
035 _a991040505189705066
035 _a(PL-WaBN)b20824701-48omnis_nlop
035 _ab20824701
035 _a(OCoLC)823708174
035 _a(PL)b0000002082470
035 _a(EXLNZ-48OMNIS_NETWORK)9910451823105606
040 _aWA N
_cWA N
_dKOSZ 005/RW
046 _k1963
080 _a686.6/.7
080 _a666
100 1 _aHuber, Ignacy
_d(1892-1965)
_eAutor
245 1 0 _aObróbka szkła /
_cIgnacy Huber.
260 _aWarszawa :
_bPaństwowe Zakłady Wydawnictw Szkolnych,
_c1963.
300 _a87, [1] stron :
_bilustracje ;
_c24 cm.
336 _aTekst
_btxt
_2rdacontent
337 _aBez urządzenia posredniczącego
_bn
_2rdamedia
338 _aWolumin
_bnc
_2rdacarrier
380 _aKsiążki
380 _aPublikacje dydaktyczne
388 _a1901-2000
504 _aBibliografia na stronie [4].
650 7 _aSzkło
_2DBN
650 7 _aTechnologia
655 7 _aPodręczniki dla szkół zawodowych
_2DBN
658 _aInżynieria i technika
710 2 _aPaństwowe Zakłady Wydawnictw Szkolnych
_4pbl
856 _uhttp://koha.tu.koszalin.pl/cgi-bin/koha/opac-detail.pl?biblionumber=25341
_yKatalog online BPK
942 _2UKD
_cKS
999 _c25341
_d25341